000 00513nam a2200205Ia 4500
003 OSt
005 20140319104713.0
008 140130s9999 xx 000 0 und d
020 _a059060323X
050 _aPZ 7
_b.L5827Kar 2003
100 _aLevy, Elizabeth
245 _cElizabeth Levy
_aThe Karate Class Mystery /
260 _bScholastic,
_c2003.
_aNew York :
300 _a1 v. (unpaged) :
_bcol. ill. ;
_c23 cm.
440 _v1
521 _aG2
526 _c440
942 _cBK
_2lcc
999 _c40353
_d40353